000
00400nam a2200145Ia 4500
008
100122s9999 xx 000 0 und d
082
_b
61480
_a
823.08
100
_a
काळे विजया
245
_a
फुलोरा
260
_b
श्रीकल्प प्रकाशन
_c
2002
300
_a
181
630
_a
फुलोरा
730
_a
फुलोरा
942
_c
BOOK
999
_c
436248
_d
436245